000 004670000a22001930004500
001 004089
003 MACL
005 20150911140620.0
008 150911b xxu||||| |||| 00| 0 eng d
040 _aMACL
_cMACL
041 _aEnglish
082 _a910/PRA
100 _aPrasad, N.K.
_910130
245 _aThe Secred Journey
_cN.K. Prasad
260 _aDelhi
_c1997
_bThe Auther,
350 _a300
650 _aGeography And Travels
_910131
942 _k910
_cBK
_2ddc
999 _c15980
_d15980